[Event "Wil Acrevis op 1st"]
[Site "Wil"]
[Date "2020.06.20"]
[Round "2"]
[White "Hasenohr, Benedict"]
[Black "Hohlbaum, Siegfried"]
[Result "1-0"]
[WhiteElo "2284"]
[BlackElo "1808"]
[PlyCount "59"]
[EventDate "2020.06.19"]
[EventType "swiss"]
[EventRounds "5"]
[EventCountry "SUI"]
[SourceTitle "CBM 197 Extra"]
[Source "ChessBase"]
[SourceDate "2020.09.30"]
[SourceVersion "1"]
[SourceVersionDate "2020.09.30"]
[SourceQuality "1"]

1. d4 Nf6 2. c4 c5 3. d5 b5 4. cxb5 a6 5. bxa6 Bxa6 6. Nc3 d6 7. Nf3 g6 8. e4 Bg7 9. Bxa6 Nxa6 10. 0-0 0-0 11. Bg5 h6 12. Bd2 Qb6 13. Qc1 Kh7 14. Rb1 Nb4 15. a3 Nd3 16. Qc2 c4 17. Be3 Qa6 18. Ne1 Ne5 19. Bd4 Nfd7 20. f4 Nd3 21. Bxg7 Kxg7 22. Nxd3 cxd3 23. Qf2 Nc5 24. Qd4+ Kh7 25. b4 Nd7 26. Rb3 Rfb8 27. Nb1 Qb6 28. Qxb6 Rxb6 29. Rc3 Nf6 30. Re1 1-0